• 首页
  • 本馆介绍
  • 公告通知
  • 最新文献
  • 馆藏检索
  • 电子资源
  • 读者导购
  • 参考咨询
  • 我的图书馆
  • 登录
  • 详细信息显示
  • 放入我的书架
  • 预约/预借图书
  • 作者相关作品
  • 分类相关作品
  • 丛书相关作品
  • 出版社相关作品

书目信息

  • 表格格式
  • 工作单格式
  • 卡片格式
题名:
伊朗通史
    
 
作者: 阿宝斯·艾克巴尔 ;叶奕良
分册: 上  
出版信息: 北京   经济出版社  1997
页数: 447
开本: 20cm
丛书名: 东方文化集成
单 册:
中图分类: K373
科图分类:
主题词: 西亚--历史
电子资源:
ISBN:
000 00613nam0 2200205 450
001 0757995392
005 20071007160635.39
100    @a20071007d km y0chiy0120 ea
101 0  @achi
200 1  @a伊朗通史@Ayi lang tong shi@h上@f阿宝斯·艾克巴尔等@Fa bao si·ai ke ba er deng@g叶奕良@Gye yi liang
210    @a北京@c经济出版社@d1997
215    @a447@d20cm
225 2  @a东方文化集成
410  0 @12001 @a东方文化集成
606 0  @a西亚@x历史
690    @aK373@v3
701  0 @a阿宝斯·艾克巴尔@Aa bao si·ai ke ba er
702  0 @a叶奕良@Aye yi liang
801  0 @aCN@bPFT@c20071007
905    @a213230@dK373@ea1:1@f1
    
    伊朗通史.上/阿宝斯·艾克巴尔等/叶奕良.-北京:经济出版社,1997
    447;20cm.-(东方文化集成)
    
    
    ISBN :
    
●
相关链接 在E读中查询图书 在五车中查询图书 在当当中查询图书 在豆瓣中查询图书


正题名:伊朗通史     索取号:K373/a1:1         预约/预借

序号 登录号 条形码 馆藏地/架位号 状态 备注
1 7508744   275087442   密集书库-史法系/ [索取号:K373/a1:1] 在馆    
唐山师范学院图书馆 欢迎您!
大连网信软件有限公司© 版权所有